Gridlock (Record no. 114271)
[ view plain ]
| 000 -LEADER | |
|---|---|
| fixed length control field | 01707nam a2200361 a 4500 |
| 082 04 - DEWEY DECIMAL CLASSIFICATION NUMBER | |
| Classification number | 331.6/2095357 |
| 100 1# - MAIN ENTRY--AUTHOR NAME | |
| Personal name | Mahdavi, Pardis, |
| 245 10 - TITLE STATEMENT | |
| Title | Gridlock |
| 260 ## - PUBLICATION, DISTRIBUTION, ETC. (IMPRINT) | |
| Place of publication | Stanford, Calif. : |
| Name of publisher | Stanford University Press, |
| Year of publication | 2011. |
| 300 ## - PHYSICAL DESCRIPTION | |
| Number of Pages | 251 p. |
| 505 0# - FORMATTED CONTENTS NOTE | |
| Formatted contents note | Trafficking trafficking -- Dubai Inc. -- Sex work -- Migration in context -- Labor outside law -- An (un)civil society -- Building towers, building structures -- Building castles in the sand. |
| 650 #0 - SUBJECT ADDED ENTRY--TOPICAL TERM | |
| Topical Term | Foreign workers |
| Topical Term | Forced labor |
| Topical Term | Human trafficking |
| 856 40 - ELECTRONIC LOCATION AND ACCESS | |
| Uniform Resource Identifier | http://site.ebrary.com/lib/rucke/Doc?id=10470174 |
No items available.
